• 首页
  • 本馆介绍
  • 公告通知
  • 最新文献
  • 馆藏检索
  • 电子资源
  • 读者荐购
  • 参考咨询
  • CALIS
  • 我的图书馆
  • 登录
  • 详细信息显示
  • 放入我的书架
  • 预约/预借图书
  • 作者相关作品
  • 分类相关作品
  • 丛书相关作品
  • 出版社相关作品

书目信息

  • 表格格式
  • 工作单格式
  • 卡片格式
题名:
临床实验室管理学
    
 
作者: 龚道元 , 赵建宏 主编
分册:  
出版信息: 武汉   华中科技大学出版社  2014.2
页数: 328页
开本: 26cm
丛书名: 全国高等医药院校医学检验专业“十二五”规划教材
单 册:
中图分类: R446
科图分类:
主题词: 医学检验--yi xue jian yan--实验室管理--医学院校--教材
电子资源:
ISBN: 978-7-5609-9136-8
 
 
 
 
 
000 01071nam 2200277 450
001 0100004603
005 20140418113542.8
010    @a978-7-5609-9136-8@dCNY46.00
100    @a20130318d2014 em y0chiy0121 ea
101 0  @achi
102    @aCN@b420000
105    @aak a 001yy
106    @ar
200 1  @a临床实验室管理学@Alin chuang shi yan shi guan li xue@f龚道元, 赵建宏主编
210    @a武汉@c华中科技大学出版社@d2014.2
215    @a328页@c图@d26cm
225 2  @a全国高等医药院校医学检验专业“十二五”规划教材@Aquan guo gao deng yi yao yuan xiao yi xue jian yan zhuan ye “shi er wu ”gui hua jiao cai
320    @a有书目 (第327-328页) 和索引
330    @a本书主要内容包括: 临床实验室质量管理体系、循证检验医学、临床检验过程质量控制和管理等。
410  0 @12001 @a全国高等医药院校医学检验专业“十二五”规划教材
606 0  @a医学检验@Ayi xue jian yan@x实验室管理@x医学院校@j教材
690    @aR446@v5
701  0 @a龚道元@Agong dao yuan@4主编
701  0 @a赵建宏@Azhao jian hong@4主编
801  0 @aCN@c20160515
905    @a河南城建学院图书馆@dR446@eG382
    
    临床实验室管理学/龚道元, 赵建宏主编.-武汉:华中科技大学出版社,2014.2
    328页:图;26cm.-(全国高等医药院校医学检验专业“十二五”规划教材)
    
    
    ISBN 978-7-5609-9136-8:CNY46.00
    本书主要内容包括: 临床实验室质量管理体系、循证检验医学、临床检验过程质量控制和管理等。
●
相关链接 在E读中查询图书 在当当中查询图书 在豆瓣中查询图书


正题名:临床实验室管理学     索取号:R446/G382         预约/预借

序号 登录号 条形码 馆藏地/架位号 状态 备注
1 1253237   212532375   自科库401/401自科库 16排4列4层/ [索取号:R446/G382] 在馆    
2 1253238   212532384   自科库401/401自科库 16排4列4层/ [索取号:R446/G382] 在馆    
3 1253239   212532393   自科库401/401自科库 16排4列4层/ [索取号:R446/G382] 在馆    
河南城建学院图书馆 欢迎您!
大连网信软件有限公司© 版权所有